The Road To Unafraid : (Record no. 22091)

MARC details
000 -LEADER
fixed length control field 00581nam a22001937a 4500
003 - CONTROL NUMBER IDENTIFIER
control field IBSLLIB
005 - DATE AND TIME OF LATEST TRANSACTION
control field 20260509040829.0
008 - FIXED-LENGTH DATA ELEMENTS--GENERAL INFORMATION
fixed length control field 260509b |||||||| |||| 00| 0 eng d
020 ## - INTERNATIONAL STANDARD BOOK NUMBER
International Standard Book Number 9780849900600
040 ## - CATALOGING SOURCE
Original cataloging agency ISBLLIB
Language of cataloging English
041 ## - LANGUAGE CODE
Language code of original Eng
082 ## - DEWEY DECIMAL CLASSIFICATION NUMBER
Classification number 158.1
Item number STR
100 ## - MAIN ENTRY--PERSONAL NAME
Personal name Struecker , Jeff
245 ## - TITLE STATEMENT
Title The Road To Unafraid :
Remainder of title How the Army's Top Ranger Faced Fear and Found Courage Through "Black Hawk Down" and Beyond
260 ## - PUBLICATION, DISTRIBUTION, ETC. (IMPRINT)
Place of publication, distribution, etc. Tennessee :
Name of publisher, distributor, etc. Thomas Nelson Inc ,
Date of publication, distribution, etc. 1969
300 ## - PHYSICAL DESCRIPTION
Extent 210 p ;
Dimensions 25 cm
700 ## - ADDED ENTRY--PERSONAL NAME
Personal name Merrill , Dean
Relator term Coo Author
942 ## - ADDED ENTRY ELEMENTS (KOHA)
Koha item type Lending Book
Holdings
Withdrawn status Lost status Damaged status Not for loan Collection code Permanent Location Current Location Shelving location Date acquired Source of acquisition Inventory number Full call number Barcode Koha item type
        Lending Collection IBSL Library IBSL Library Lending Section 30/04/2026 Donation 10887 158.1 STR 10887 Lending Book
Copyright © 2024 IBSL Library, All rights reserved.
mail to: library@ibsl.lk | Contact: 0112425735 | Library Address: IBSL Library, 80A, Elvitigala Mawatha, Colombo 008